000
00465nam a2200181Ia 4500
008
100917s9999 xx 000 0 und d
082
_b
53664
100
_a
साठे शं. गो.
245
_a
शिलंगण
260
_b
श्री. वि. दामले
_c
1942
300
_a
106
365
_b
1
520
_a
कविता
630
_a
शिलंगण
650
_a
कविता
730
_a
शिलंगण
942
_c
BOOK
999
_c
659058
_d
659055